000 00851nam a2200253 i 4500
001 bg
003 BPK
005 20200630132816.0
008 s1981 pl f f |000 0 pol
020 _a8301002808
040 _cBPK
080 _a53
080 _a(075.8)
100 1 _aSkorko, Marta
_d(1913-2001).
245 1 0 _aFizyka :
_bpodręcznik dla studentów wyższych technicznych studiów zawodowych dla pracujących /
_cMarta Skorko.
260 _aWarszawa :
_bPańst. Wydaw. Naukowe,
_c1981.
300 _a841 s. :
_brys., wykr. ;
_c24 cm.
504 _aIndeks.
650 4 _aFizyka
_xszkoły wyższe.
655 4 _aPodręczniki akademickie
710 2 _aPaństwowe Wydawnictwo Naukowe
_4pbl.
856 _uhttp://koha.tu.koszalin.pl/cgi-bin/koha/opac-detail.pl?biblionumber=6018
_yKatalog online BPK
942 _cKS
_2UKD
999 _c6018
_d6018